European employment and industrial relations glossary : Ireland

Αποθηκεύτηκε σε:
Λεπτομέρειες βιβλιογραφικής εγγραφής
Κύριος συγγραφέας: Prondzynsky, Ferdinand von
Συγγραφή απο Οργανισμό/Αρχή: European Foundation for the Improvement of Living and Working Conditions
Άλλοι συγγραφείς: Richards, Wendy J.
Μορφή: Βιβλίο
Γλώσσα:English
Δημοσίευση: London : Luxenbourg : Sweet & Maxwell, Office for Official Publications of the European Communities, 1994
Σειρά:European employment and industrial relations glossary series
Θέματα:
Ετικέτες: Προσθήκη ετικέτας
Δεν υπάρχουν, Καταχωρήστε ετικέτα πρώτοι!

MARC

LEADER 00000nam a2200000 i 4500
001 1/70507
008 990225s1994 eng d
020 |a 0-421-44900-4 
035 |l 10048118 
040 |a GR-MY-UA  |b gre  |e aacr 
041 0 |a eng 
082 0 |a 331.109477 
100 1 |a Prondzynsky, Ferdinand von. 
245 1 0 |a European employment and industrial relations glossary :  |b Ireland /  |c by Ferdinand von Prondzynsky and Wendy Richards 
260 |a London :   |a Luxenbourg :   |b Sweet & Maxwell,   |b Office for Official Publications of the European Communities,   |c 1994 
300 |a 214 p. 
490 1 |a European employment and industrial relations glossary 
500 |a At head of title: European foundation for the Improvement of Living and Working Conditions 
504 |a Includes bibliographical references (p 195-197) and index 
650 0 0 |a Labor  |z Ireland. 
650 0 0 |a Industrial relations  |z Ireland  |x Dictionaries. 
650 0 0 |a Labor laws and legislation  |z Ireland  |x Dictionaries. 
700 1 |a Richards, Wendy J. 
710 2 |a European Foundation for the Improvement of Living and Working Conditions. 
830 0 |a European employment and industrial relations glossary series 
852 |a INST  |b LESVOS  |e 19990225  |h 331.109477 PRO  |p 005100016876  |q 005100016876  |t REF  |y 23 
901 |a BIBL-1999-1 
909 |a Λ  |b 061236 
922 |a 1ΕΛΗ  |b 199811  |c ΚΠΣ/ΤΚ  |d ΠΑΠΑΣΩΤΗΡΙΟΥ 
950 |a 103-1998-07-27